00580nam a22001932 4500001001100000005001700011008004100028020001700069040001500086100003200101245008300133250001300216260002900229300001700258650003800275650003900313700003100352852000300383000002341120151217152241.0121121s xx 000 0 eng d a8120333215 : aKABUcKABU1 aReddy, M. Kasi.@000018278510aManagerial economics and financial accounting /cM. Kasi Reddy, S. Saraswathi. a1st ed. aNew Delhi :bPHI,c2007. axiv, 578 p. 0aManagerial economics.@0000150546 0aManagerial accounting.@00001514721 aSaraswathi, S.@00001827861